000 00506nam a2200181Ia 4500
999 _c37322
_d37322
003 OSt
005 20200929132905.0
008 190216s9999||||xx |||||||||||||| ||und||
040 _coclc
082 _a590
_bPAR/T
100 _aParker, T Jeffery
_95152
245 0 _aA Text Book Of Zoolgy /
_cT Jeffery Parker ; William A Haswell
250 _a6th Ed.
260 _bMacmillan,
_c1967.
_aLondon:
300 _a770p
650 _aZoology
942 _cBK
_2ddc
_h590
_iPAR/T
_k590
_mPAR/T